Частота встречаемости аномальных содержаний редкоземельных и радиоактивных элементов на территории Томской области; Проблемы геологии и освоения недр; Т. 1
| Parent link: | Проблемы геологии и освоения недр: труды XXIII Международного симпозиума имени академика М. А. Усова студентов и молодых ученых, посвященного 120-летию со дня рождения академика К. И. Сатпаева, 120-летию со дня рождения профессора К. В. Радугина, Томск, 8-12 апреля 2019 г./ Национальный исследовательский Томский политехнический университет, Инженерная школа природных ресурсов ; гл. ред. А. С. Боев ; под ред. Е. Ю. Пасечник.— , 2019 Т. 1.— 2019.— С. 547-549 |
|---|---|
| Hovedforfatter: | |
| Institution som forfatter: | |
| Andre forfattere: | |
| Summary: | Заглавие с экрана Текстовый файл |
| Sprog: | russisk |
| Udgivet: |
2019
|
| Serier: | Геоэкология, охрана и защита окружающей среды. Геоинформационные системы в геоэкологии |
| Fag: | |
| Online adgang: | http://earchive.tpu.ru/handle/11683/56028 |
| Format: | MixedMaterials Electronisk Book Chapter |
| KOHA link: | https://koha.lib.tpu.ru/cgi-bin/koha/opac-detail.pl?biblionumber=629898 |
MARC
| LEADER | 00000naa2a2200000 4500 | ||
|---|---|---|---|
| 001 | 629898 | ||
| 005 | 20260204102431.0 | ||
| 035 | |a (RuTPU)RU\TPU\conf\30705 | ||
| 035 | |a RU\TPU\conf\30704 | ||
| 090 | |a 629898 | ||
| 100 | |a 20191003d2019 k y0rusy50 ca | ||
| 101 | 0 | |a rus | |
| 102 | |a RU | ||
| 135 | |a drcn ---uucaa | ||
| 181 | 0 | |a i |b e | |
| 182 | 0 | |a b | |
| 183 | 0 | |a cr |2 RDAcarrier | |
| 200 | 1 | |a Частота встречаемости аномальных содержаний редкоземельных и радиоактивных элементов на территории Томской области |f Е. В. Агеева |g науч. рук. Н. В. Барановская | |
| 203 | |a Текст |c электронный |b визуальный | ||
| 225 | 1 | |a Геоэкология, охрана и защита окружающей среды. Геоинформационные системы в геоэкологии | |
| 283 | |a online_resource |2 RDAcarrier | ||
| 300 | |a Заглавие с экрана | ||
| 320 | |a Библиогр.: с. 548-549 (6 назв.) | ||
| 336 | |a Текстовый файл | ||
| 461 | 1 | |0 (RuTPU)RU\TPU\conf\30471 |t Проблемы геологии и освоения недр |o труды XXIII Международного симпозиума имени академика М. А. Усова студентов и молодых ученых, посвященного 120-летию со дня рождения академика К. И. Сатпаева, 120-летию со дня рождения профессора К. В. Радугина, Томск, 8-12 апреля 2019 г. |o в 2 т. |f Национальный исследовательский Томский политехнический университет, Инженерная школа природных ресурсов ; гл. ред. А. С. Боев ; под ред. Е. Ю. Пасечник |d 2019 | |
| 463 | 1 | |0 (RuTPU)RU\TPU\conf\30473 |t Т. 1 |v С. 547-549 |d 2019 | |
| 610 | 1 | |a труды учёных ТПУ | |
| 610 | 1 | |a электронный ресурс | |
| 610 | 1 | |a аномальное содержание | |
| 610 | 1 | |a редкоземельные элементы | |
| 610 | 1 | |a радиоактивные элементы | |
| 610 | 1 | |a Томская область | |
| 610 | 1 | |a природные среды | |
| 700 | 1 | |a Агеева |b Е. В. |c специалист в области экологии и природопользования |c старший преподаватель Томского политехнического университета, кандидат геолого-минералогических наук |f 1993- |g Елена Владимировна |y Томск |3 (RuTPU)RU\TPU\pers\44698 |9 21831 | |
| 702 | 1 | |a Барановская |b Н. В. |c геохимик |c профессор Томского политехнического университета, доктор биологических наук |f 1970- |g Наталья Владимировна |4 727 | |
| 712 | 0 | 2 | |a Национальный исследовательский Томский политехнический университет |b Инженерная школа природных ресурсов |b Отделение геологии |3 (RuTPU)RU\TPU\col\23542 |
| 801 | 2 | |a RU |b 63413507 |c 20191010 |g RCR | |
| 856 | 4 | 0 | |u http://earchive.tpu.ru/handle/11683/56028 |z http://earchive.tpu.ru/handle/11683/56028 |
| 942 | |c CF | ||